000 nam a22 a 4500
999 _c4332
_d4332
003 AKMAL
005 20170529090506.0
008 170529s1992 my 00 may d
020 _a9678904969 (kkt.):
_cRM 10.00
040 _cAKMAL
082 0 4 _a343.5950992 PER
090 _a343.5950992
_bPER
110 1 _aMalaysia
_9400
240 1 0 _aAkta Perkhidmatan Pos, 1991
245 1 0 _aAkta Perkhidmatan Pos 1991, (Akta 465), Akta Perkhidmatan Pos (Syarikat Pengganti, 1991 9akta 466) & Kaedah-Kaedah Kadar Bayaran Pos, 1992 :
_b(hingga 15hb Julai 1992) /
_cdisusun oleh: Lembaga Penyelidikan Undang-Undang
260 _aKuala Lumpur :
_bInternational Law Book Services,
_c1992
300 _a55ms. ;
_c24cm
440 0 _aUNDANG-UNDANG MALAYSIA
_98439
500 _ajuga diterbitkan dalam bahasa Inggeris
521 _aPeringkat pembaca: Dewasa
650 _aPostal services
_xLaw and legislation
_zMalaysia
_98440
650 _aPostal rates
_xLaw and legislation
_zMalaysia
_98434
710 1 _aMalaysia.
_tAkta Perkhidmatan Pos (Syarikat Pengganti) 1991, (Akta 466)
_98435
710 1 _aMalaysia.
_tKaedah-Kaedah Kadar Bayaran Pos, 1992
_98441
942 _2ddc
_cBOOK